00753nam a2200205Ia 4500003000900000008004100009020001800050040001600068080001500084100003100099245010700130260003900237300001300276490003200289650003600321650003300357942000700390999001700397952013300414IN-BaIIA211028s9999 xx 000 0 eng d a981-270-538-4 cIIA Library a530.2bKRA aKraftmakher, Yaakov930670 0aExperiments and demonstrations in physicscYaakov Kraftmakher  aNew JerseybWorld Scientificc2007 ax, 533p. aBar-IIan physics laboratory aPhysics - demonstrations930671 aPhysics - experiments930672 cBK c16524d16524 00104070aBANbBANcGENd2007-07-17eANJ g2779.15l0o530.2/ KRAp17446r2021-11-05v2779.15w2007-07-17yBKGRs. 2779.15